Geographie : cours elementaire

Αποθηκεύτηκε σε:
Λεπτομέρειες βιβλιογραφικής εγγραφής
Κύριος συγγραφέας: Merlier, Andre
Άλλοι συγγραφείς: Leroux, Gilles
Μορφή: Βιβλίο
Γλώσσα:French
Δημοσίευση: Paris : Hatier, [1950]
Έκδοση:4me ed.
Θέματα:
Ετικέτες: Προσθήκη ετικέτας
Δεν υπάρχουν, Καταχωρήστε ετικέτα πρώτοι!

MARC

LEADER 00000cam a2200000 i 4500
001 1/55487
008 040520s1950 fre d
035 |l 10073437 
040 |a GR-MY-UA  |b gre  |e aacr 
041 0 |a fre 
082 0 |a 372.891 
100 1 |a Merlier, Andre. 
245 1 0 |a Geographie :  |b cours elementaire /  |c A. Merlier, G. Leroux 
250 |a 4me ed. 
260 |a Paris :   |b Hatier,   |c [1950] 
300 |a 80 p. 
650 0 0 |a Geography  |x Study and teaching (Elementary) 
700 1 |a Leroux, Gilles. 
852 |a INST  |b RHODES  |c AKA  |e 20040520  |h  372.891 MER  |p 005400019060  |q 005400019060  |t BK  |y 0 
901 |a BIBL4-2004-2 
909 |a Ρ  |b 109455 
970 |a ΚΟΥΛΑΚΙΟΤΗ  |b ΛΙΤΣΑ  |z 2004/05/20